000 00508nam a2200181Ia 4500
005 20250326124705.0
008 250326s9999 xx 000 0 und d
037 _aTextbook
040 _aFMSL
_beng
_cFMSL
041 _aeng
_2eng
084 _aX:87 L31
_qFMSL
100 _aEaston A
_9737801
245 0 _aComplex managerial decisions involving multiple objectives
_cEaston A
260 _aNY
_bNY, John Wiley
_c1973
300 _a421p
942 _cTB
_hX:87 L31
999 _c1274762
_d1274762